| 000 | 00398nam a22001337a 4500 | ||
|---|---|---|---|
| 005 | 20150107134125.0 | ||
| 008 | 141212b xxu||||| |||| 00| 0 eng d | ||
| 050 |
_aPR9160.O6 _bN3 |
||
| 100 |
_aOppenheimer, Erik Anastase _913424 |
||
| 245 |
_aNairobi-Mombassa local poems _b _cOppenheimer, Erik Anastase |
||
| 260 |
_aLugano _bOrion Press _c1973 |
||
| 300 |
_a24p.; _c21cm. |
||
| 942 |
_2lcc _cMONOGRAPH |
||
| 999 |
_c121506 _d121506 |
||